| 000 | 00649nam a2200181 i 4500 | ||
|---|---|---|---|
| 001 | 44622 | ||
| 003 | ES-MaACL | ||
| 005 | 20230906161051.0 | ||
| 007 | t| | ||
| 008 | 030321s1956 ve ||||1| spa d | ||
| 245 | 0 | 0 |
_aCódigo de enjuiciamiento criminal de Venezuela según el texto oficial / _cnotas de jursiprudencia y repertorio alfabético por Luis Loreto, Francisco Carsi Zacarés, Julio Vázquez. |
| 260 |
_aCaracas : _bAndrés Bello, _c[1956] |
||
| 300 |
_a150 p. ; _c17 cm. |
||
| 700 | 1 |
_aLoreto, Luis. _974203 |
|
| 700 | 1 |
_aCarsi Zacarés, Francisco. _935856 |
|
| 700 | 1 |
_aVázquez, Julio. _9113370 |
|
| 852 |
_aES-MaACL _jC-12615 _bR.40154 |
||
| 999 |
_c44622 _d44622 |
||